| 000 | 00884nam a22001577a 4500 | ||
|---|---|---|---|
| 003 | OSt | ||
| 005 | 20151006133425.0 | ||
| 008 | 151006b xxu||||| |||| 00| 0 eng d | ||
| 040 | _cRUA | ||
| 082 | _aAVM ENG 2006 B076 Or.1 | ||
| 100 |
_92154 _aENG, KANIL. |
||
| 245 | _aThe effect of methionine supplementation in concentrate feed on groeth ratwe of broiler at the animal experiment station of royal university of agriculture, ០ទ្ធិពលនៃការប្រ់ប្រាស់មេត្យូនីននៅក្នុងំណីCPទៅលើការលូតលាស់របស់មាន់សាច់ នៅក្នុងស្ថានីយ៍ចិញ្ចឹមសត្វនៃសាកលវិទ្យាល័យភូមិន្ទកសិកម្ម | ||
| 260 |
_aPhnom Penh _bRUA _c2006 |
||
| 300 |
_a40p. _bill. _c29cm. |
||
| 942 |
_2ddc _cAVM |
||
| 999 |
_c2025 _d2025 |
||